<?xml version="1.0" encoding="UTF-8"?><?xml-stylesheet type="text/xsl" href="static/style.xsl"?><OAI-PMH xmlns="http://www.openarchives.org/OAI/2.0/" xmlns:xsi="http://www.w3.org/2001/XMLSchema-instance" xsi:schemaLocation="http://www.openarchives.org/OAI/2.0/ http://www.openarchives.org/OAI/2.0/OAI-PMH.xsd"><responseDate>2026-04-14T16:53:03Z</responseDate><request verb="GetRecord" identifier="oai:uvadoc.uva.es:10324/44005" metadataPrefix="marc">https://uvadoc.uva.es/oai/request</request><GetRecord><record><header><identifier>oai:uvadoc.uva.es:10324/44005</identifier><datestamp>2025-03-26T19:45:11Z</datestamp><setSpec>com_10324_6401</setSpec><setSpec>com_10324_5186</setSpec><setSpec>com_10324_29291</setSpec><setSpec>col_10324_43967</setSpec></header><metadata><record xmlns="http://www.loc.gov/MARC21/slim" xmlns:doc="http://www.lyncode.com/xoai" xmlns:xsi="http://www.w3.org/2001/XMLSchema-instance" xmlns:dcterms="http://purl.org/dc/terms/" xsi:schemaLocation="http://www.loc.gov/MARC21/slim http://www.loc.gov/standards/marcxml/schema/MARC21slim.xsd">
<leader>00925njm 22002777a 4500</leader>
<datafield tag="042" ind1=" " ind2=" ">
<subfield code="a">dc</subfield>
</datafield>
<datafield tag="720" ind1=" " ind2=" ">
<subfield code="a">Jiménez Rayado, Eduardo</subfield>
<subfield code="e">author</subfield>
</datafield>
<datafield tag="260" ind1=" " ind2=" ">
<subfield code="c">2020</subfield>
</datafield>
<datafield tag="520" ind1=" " ind2=" ">
<subfield code="a">A medida que avanzaban los siglos medievales, las autoridades cristianas fueron aumentando su presión sobre las minorías religiosas presentes en sus reinos. En los albores de la modernidad, la tolerancia hacia ellas prácticamente había desaparecido y su situación era cada vez más precaria. Sin embargo, a pesar de su condición de minoría dominada, la comunidad mudéjar dio muestras en determinados momentos de una cohesión y solidaridad interna suficiente como para oponerse frontalmente a algunas de las medidas que se iban aprobaban contra sus intereses. Si bien a la larga no lograron derogarlas, con su actitud contestataria sí consiguieron al menos posponerlas cuando no suavizarlas.</subfield>
</datafield>
<datafield tag="024" ind2=" " ind1="8">
<subfield code="a">Edad Media. Revista de Historia; Núm. 21 (2020): Libertad, autonomía y orden político a fines de la Edad Media pags. 319-352</subfield>
</datafield>
<datafield tag="024" ind2=" " ind1="8">
<subfield code="a">2530-6448</subfield>
</datafield>
<datafield tag="024" ind2=" " ind1="8">
<subfield code="a">http://uvadoc.uva.es/handle/10324/44005</subfield>
</datafield>
<datafield tag="024" ind2=" " ind1="8">
<subfield code="a">10.24197/em.21.2020.319-352</subfield>
</datafield>
<datafield tag="024" ind2=" " ind1="8">
<subfield code="a">319</subfield>
</datafield>
<datafield tag="024" ind2=" " ind1="8">
<subfield code="a">21</subfield>
</datafield>
<datafield tag="024" ind2=" " ind1="8">
<subfield code="a">352</subfield>
</datafield>
<datafield ind1=" " ind2=" " tag="653">
<subfield code="a">Edad Media</subfield>
</datafield>
<datafield tag="245" ind1="0" ind2="0">
<subfield code="a">Mudéjares contra la autoridad. Desacato, protestas y huelgas de una minoría en la Edad Media</subfield>
</datafield>
</record></metadata></record></GetRecord></OAI-PMH>